000 00453nab a22001457 4500
003 ES-SlBCS
005 20211230212434.0
008 160704s2016 sp ||||| |||| 00| 0 spa d
040 _aES-SlBCS
_bspa
041 _aspa
100 1 _aBeozzo, José Oscar
_966592
245 1 0 _aAparecida: casa de la Madre de Dios y del pueblo brasileño
_cJosé Oscar Beozzo
773 0 _gNúm. 366, 2016, págs. 145-152
_tConcilium
_wRev134
_x0210-1041
942 _2lcc
_cAR
999 _c468476
_d468476